Normal view
MARC view
Entry Nombre personal
001 - NÚMERO DE CONTROL
- campo de control: 1343
003 - IDENTIFICADOR DEL NÚMERO DE CONTROL
- campo de control: OSt
005 - FECHA Y HORA DE LA ÚLTIMA TRANSACCIÓN
- campo de control: 20210622122543.0
008 - DATOS DE LONGITUD FIJA
- campo de control de longitud fija: 200615|| aca||aabn | a|a d
040 ## - FUENTE DE LA CATALOGACIÓN
- Centro catalogador/agencia de origen: OSt
- Centro/agencia transcriptor: OSt
100 1# - ENCABEZAMIENTO-NOMBRE DE PERSONA
- Nombre de persona: Díaz Santana, Arismendi
370 ## - LUGAR ASOCIADO
- Lugar de nacimiento: República Dominicana
374 ## - OCUPACIÓN
- Ocupación: Economista
- Ocupación: Investigador
375 ## - GÉNERO/SEXO
- Género/Sexo: Masculino
377 ## - LENGUA/LENGUAJE ASOCIADO
- Código del idioma: spa
400 1# - TRAZADO DE VÉASE--NOMBRE DE PERSONA
- Nombre de persona: Santana, Arimendi Díaz
670 ## - FUENTE DE DATOS ENCONTRADOS
- Cita de la fuente: Díaz Santana, Arismendi, Modelos de desarrollo y políticas de salud /, 1996.
670 ## - FUENTE DE DATOS ENCONTRADOS
- Cita de la fuente: Desarrollo y descomposición de la economía dominicana, 1969
